MARC

LEADER 00000nam1a2200000 4500
001 181089
005 20231031170950.0
020 |a RU  |b 82-27476 
035 |a (RuTPU)RU\TPU\book\196304 
090 |a 181089 
100 |a 20100602d1982 km y0rusy5003 ca 
101 0 |a rus 
200 1 |a Елагин остров. Дворцово-парковый ансамбль  |f Д. Немчинова 
210 |a Ленинград  |c Искусство  |d 1982 
215 |a 50, [8] с.  |c 39 л. ил.  |d 26 см. 
300 |a На пер. авт. не указан 
610 1 |a архитектурные ансамбли 
610 1 |a дворцовая архитектура русская 
610 1 |a садово-парковая архитектура русская 
610 1 |a Ленинград 
610 1 |a 19 век 
610 1 |a Елагин остров 
610 1 |a дворцы 
610 1 |a малые фирмы 
610 1 |a парки 
610 1 |a альбомы 
675 |a 725.17  |z rus 
675 |a 712.2  |z rus 
700 1 |a Немчинова  |b Д. И.  |g Дина Ильинична  |4 070 
801 0 |a RU  |b RuMRKP  |c 19950704  |g psbo 
801 1 |a RU  |b 63413507  |c 20100602 
801 2 |a RU  |b 63413507  |c 20130610  |g RCR 
942 |c BK